00645nam a2200217 a 450000100060000000300080000600500170001400800410003103500190007204000350009104100080012608200260013410000190016024500390017925000120021826000600023030000210029049000450031165000260035683000450038256542BD-RjUL20211209080417.0161201r19671966enk 001 0 eng d a(BD-RjUL)56666 aBD-RjULbengcBD-RjULdBD-RjUL aeng 223a170.904bWAE 19671 aWarnock, Mary.10aEthics since 1900 /cMary Warnock. a2nd ed. aLondon :bOxford University Press,c1966 [reprint 1967] a152 p. ;c21 cm.1 aOxford paperbacks university series ;v1 0aEthics.y20th century 0aOxford paperbacks university series ;v1